01003 a2200181 45000010006000000050017000060080041000230030015000640400040000790800034001192450040001530200018001932500011002112640009002223000019002315050550002501000021008004670820260407155737.0260407a1999 arg spa dAR-UNSa-BCEJYS aAR-UNSa-BCEJYSbspacAR-UNSa-BCEJYS a94(82)xHistoria de Argentina10aHistoria de la Argentinap1515-1989 a950-20-1176-7 a17 ed. 1c1999 a795 p.c23 cm. aLibro I : Una provincia del imperio Español ( 1515 – 1750 ) - - Libro II : La crisis del imperio ( 1750 – 1810 ) - - Libro III : Segregación y guerras externas e internas por la independencia y la libertad ( 1810 – 1835 ) - - Libro IV : La confederación – luchas por la unidad, la independencia y el poder ( 1835 – 1851 ) - - Libro V : Derrota nacional y gobierno de los emigrados ( 1851 – 1874 ) - - Libro VI : La Republica liberal y mercantil ( 1874 – 1910 ) - - Libro VII : La crisis del régimen ( 1910 – 1938 ).1 aPalacio, Ernesto